La Constitución /
La Constitución, en tanto fundamento de nuestro sistema político y jurídico, plasma el ideario de época y supone un proyecto de nación. Los derechos civiles y políticos declarados en 1853, los derechos sociales de la Constitución de 1949 y el reconocimiento de tratados internacionales en la reforma...
Guardado en:
| Autor Principal: | |
|---|---|
| Autor Corporativo: | |
| Formato: | |
| Publicado: |
Argentina,
2011
|
| Series: | Conciente colectivo
|
| Materias: | |
| Etiquetas: |
Agregar Etiqueta
Sin Etiquetas, Sea el primero en etiquetar este registro!
|
| LEADER | 01173ngm a22003015g 4500 | ||
|---|---|---|---|
| 001 | CEM.cems023743 | ||
| 008 | 130507s2011##################0###0#####d | ||
| 005 | 20250630171322.0 | ||
| 245 | 1 | 0 | |a La Constitución / |c Julia Mengolini. |
| 260 | |a Argentina, |c 2011 | ||
| 300 | |a 28'. | ||
| 490 | 0 | |a Conciente colectivo | |
| 500 | |a Consultar en ventanilla. | ||
| 520 | |a La Constitución, en tanto fundamento de nuestro sistema político y jurídico, plasma el ideario de época y supone un proyecto de nación. Los derechos civiles y políticos declarados en 1853, los derechos sociales de la Constitución de 1949 y el reconocimiento de tratados internacionales en la reforma de 1994. | ||
| 538 | |a Soporte: DVD - Color: Si - Grabación DRD | ||
| 100 | 1 | |a Mengolini, Julia | |
| 710 | 2 | |a Canal Encuentro. | |
| 082 | 3 | 0 | |/ MEN-1 |
| 653 | |a SOCIEDAD | ||
| 653 | |a INSTRUCCION CIVICA | ||
| 653 | |a CIUDADANIA | ||
| 653 | |a DERECHO | ||
| 653 | |a DERECHO CONSTITUCIONAL | ||
| 653 | |a CONSTITUCION NACIONAL | ||
| 653 | |a DERECHOS CIVILES | ||
| 653 | |a POLITICA | ||
| 653 | |a SERIE DE TELEVISIÓN | ||
| 859 | |a CEMS |b BIB. CEMS - Depto. Recursos Didacticos |h 301 |i MEN-1 |k DRD |p 2386.15 |t Ej.1 | ||
